Entry Nombre personal
001 - NÚMERO DE CONTROL
- campo de control: 226333
003 - IDENTIFICADOR DE NÚMERO DE CONTROL
- campo de control: DLC
005 - FECHA Y HORA DE LA ÚLTIMA TRANSACCIÓN
- campo de control: 20230524092637.0
008 - ELEMENTOS DE DATO DE LONGITUD-FIJA
- campo de control de longitud fija: 981201n| acannaabn |a aaa c
010 ## - NÚMERO DE CONTROL DE LA BIBLIOTECA DEL CONGRESO
- Número de control de LC: no 98127162
035 ## - NÚMERO DE CONTROL DEL SISTEMA
- Número de control de sistema: (OCoLC)oca04871212
040 ## - FUENTE DE CATALOGACIÓN
- Centro catalogador/agencia de origen: BrSU
- Lengua de catalogación: eng
- Centro/agencia transcriptor: BrSU
- Centro/agencia modificador: OCoLC
- Centro/agencia modificador: ES-MaACL
100 1# - ENCABEZAMIENTO-NOMBRE DE PERSONA
- Nombre de persona: Aa, Rudolf von der,
- Fechas asociadas al nombre: 1913-
400 1# - TRAZADO DE VÉASE--NOMBRE DE PERSONA
- Nombre de persona: Von der Aa, Rudolf,
- Fechas asociadas al nombre: 1913-
670 ## - FUENTE DE DATOS ENCONTRADOS
- Cita de la fuente: Higiene veterinária moderna, 1971;
- Información encontrada: t.p. (Rudolf von der Aa)
670 ## - FUENTE DE DATOS ENCONTRADOS
- Cita de la fuente: LC in OCLC, Oct. 29, 1998;
- Información encontrada: (hdg.: Aa, Rudolf von der, 1913- )
670 ## - FUENTE DE DATOS ENCONTRADOS
- Cita de la fuente: WWW LC auth., 24-5-2023
- Información encontrada: (Aa, Rudolf von der, 1913-)
954 ## - CATALOGADOR -ALTA REGISTRO
- Nombre del catalogador: Inmaculada Vicente Garcia
